000 00519cam a22002054a 4500
005 20250605164325.0
008 250528s ||||||||||||||||||||||||d
035 _a23024
020 _a9780324066807
040 _aGR-AtMCL
_bgre
_dGR-AtMCL
_eAACR2
245 1 _aTHE MANAGEMENT AND CONTROL OF QUALITY
250 _a5
260 _bSouth-Western Publishing Co,
_c2002
300 _a838
700 1 _aEvans James R
_9938
700 1 _aLindsay M. William
_9939
942 _cBK
999 _c8065
_d8065